[Event "36 R.G.Nezhmetdinov Memorial"]
[Site "Kazan, Russia"]
[Date "2014.06.08"]
[Round "9.19"]
[White "Isajevsky, Anton"]
[Black "Fakhrutdinov, Timur"]
[Result "1/2-1/2"]
[WhiteElo "2416"]
[BlackElo "2161"]
[PlyCount "80"]
[EventDate "2014.??.??"]

1. c4 Nf6 2. Nc3 e6 3. Nf3 d5 4. e3 c5 5. cxd5 exd5 6. d4 a6 7. Be2 Nc6 8. O-O
Be7 9. b3 O-O 10. Bb2 Bg4 11. dxc5 Bxc5 12. Rc1 Ba7 13. Nd4 Bxd4 14. Bxg4 Be5
15. Bf3 Qd6 16. g3 Rad8 17. Bg2 Rfe8 18. Qc2 Nb4 19. Qb1 d4 20. exd4 Bxd4 21.
Rcd1 Qe5 22. Rxd4 Qxd4 23. Nd5 Qc5 24. Bxf6 Rxd5 25. Bxd5 Nxd5 26. Ba1 Nc3 27.
Bxc3 Qxc3 28. Rc1 Qf3 29. Re1 Rxe1+ 30. Qxe1 g6 31. Qe5 h5 32. h4 Kh7 33. Qd4
Kg8 34. Kf1 Kf8 35. Qe5 Qc6 36. Ke2 Qc2+ 37. Ke3 Qc1+ 38. Ke2 Qc2+ 39. Ke3 Qc1+
40. Ke2 Qc2+ 1/2-1/2

[Event "36 R.G.Nezhmetdinov Memorial"]
[Site "Kazan, Russia"]
[Date "2014.06.08"]
[Round "9.20"]
[White "Tokarev, Ilya"]
[Black "Demidov, Mikhail"]
[Result "0-1"]
[WhiteElo "2295"]
[BlackElo "2512"]
[PlyCount "38"]
[EventDate "2014.??.??"]

1. c4 e5 2. Nc3 Bb4 3. g3 Bxc3 4. bxc3 d6 5. Bg2 Nf6 6. d3 O-O 7. e4 a6 8. Nf3
b5 9. c5 Bb7 10. O-O Nbd7 11. cxd6 cxd6 12. Ba3 Qc7 13. Nh4 g6 14. f4 Qxc3 15.
fxe5 Nxe5 16. Rxf6 Qxa3 17. Bf1 Rac8 18. Qd2 Nd7 19. Rf2 Qc3 0-1

[Event "36 R.G.Nezhmetdinov Memorial"]
[Site "Kazan, Russia"]
[Date "2014.06.08"]
[Round "9.22"]
[White "Faizrakhmanov, Ramil"]
[Black "Murzin, Lenar"]
[Result "1-0"]
[WhiteElo "2364"]
[BlackElo "2115"]
[PlyCount "83"]
[EventDate "2014.??.??"]

1. d4 Nf6 2. c4 e6 3. Nc3 Bb4 4. e3 O-O 5. Nge2 d5 6. a3 Be7 7. cxd5 exd5 8. g3
c6 9. Bg2 a5 10. O-O Nbd7 11. f3 Nb6 12. e4 a4 13. e5 Ne8 14. f4 Bg4 15. h3
Bxe2 16. Qxe2 Nc7 17. f5 Bg5 18. Bxg5 Qxg5 19. Rf4 Nc4 20. Kh2 b5 21. h4 Qh6
22. Nd1 Rfe8 23. Nf2 c5 24. e6 Qf6 25. Ng4 Qd8 26. dxc5 Rb8 27. Ne5 Nxe5 28.
Qxe5 fxe6 29. Rg4 Qd7 30. f6 g6 31. h5 Kf7 32. Qg5 Rh8 33. Bf1 e5 34. hxg6+
hxg6+ 35. Kg2 Rbg8 36. Qxe5 Ne6 37. Bd3 Qc6 38. Re1 Rh6 39. Bxb5 Qc8 40. Rxa4
Nf4+ 41. Rxf4 Qh3+ 42. Kf3 1-0

[Event "36 R.G.Nezhmetdinov Memorial"]
[Site "Kazan, Russia"]
[Date "2014.06.08"]
[Round "9.23"]
[White "Pershin, Denis"]
[Black "Vastrukhin, Oleg"]
[Result "0-1"]
[WhiteElo "2157"]
[BlackElo "2401"]
[PlyCount "92"]
[EventDate "2014.??.??"]

1. e4 a6 2. d4 b5 3. Bd3 Bb7 4. Nf3 Nf6 5. Qe2 g6 6. O-O Bg7 7. c3 O-O 8. a4 c6
9. Na3 d6 10. e5 Nd5 11. e6 f5 12. Nc2 Qc8 13. Ng5 Rf6 14. Re1 Nc7 15. Qf3 Nxe6
16. Qh3 h5 17. Qh4 c5 18. axb5 axb5 19. Rxa8 Bxa8 20. Bxb5 c4 21. Be8 Nxd4 22.
Bxg6 Nxc2 23. Qxh5 e5 24. Nh7 Qb7 25. Nxf6+ Bxf6 26. f3 Nxe1 27. Bxf5 Qf7 28.
Bg6 Qa7+ 29. Kf1 Nd3 30. Bxd3 cxd3 31. Qg6+ Qg7 32. Qe8+ Qf8 33. Qg6+ Bg7 34.
Qe6+ Kh7 35. Qc4 Bxf3 36. gxf3 Qxf3+ 37. Kg1 Qd1+ 38. Kg2 Qxc1 39. Qxd3+ Kg8
40. Qd5+ Kh8 41. Qxd6 Qxb2+ 42. Kg1 Qb1+ 43. Kg2 Kh7 44. Kf2 Qf5+ 45. Ke2 Nd7
46. c4 e4 0-1

[Event "36 R.G.Nezhmetdinov Memorial"]
[Site "Kazan, Russia"]
[Date "2014.06.08"]
[Round "9.24"]
[White "Samusenko, Maksim"]
[Black "Murtazin, Bulat"]
[Result "1-0"]
[WhiteElo "2306"]
[BlackElo "2176"]
[PlyCount "89"]
[EventDate "2014.??.??"]

1. d4 d5 2. Nf3 Nf6 3. Bg5 e6 4. Nbd2 Be7 5. e3 Nbd7 6. Bd3 c5 7. c3 b6 8. O-O
Bb7 9. Qe2 Ne4 10. Bf4 O-O 11. Rad1 Bf6 12. Ne5 Qe7 13. Nxe4 dxe4 14. Bb5 Bxe5
15. dxe5 Rad8 16. Rd6 Kh8 17. Rfd1 Nb8 18. Qd2 Rc8 19. c4 h6 20. h3 Ba8 21. Qe2
Bc6 22. Qc2 Ba8 23. R1d2 Qb7 24. Qd1 a6 25. Ba4 b5 26. Bb3 Nc6 27. Rd7 Qb8 28.
Qh5 Nd8 29. R2d6 Bc6 30. Re7 Rc7 31. Bg5 Kg8 32. Bh4 Nb7 33. Rd2 Rxe7 34. Bxe7
Re8 35. Bf6 Qc7 36. Qg4 g6 37. Qh4 Kh7 38. Bd1 Rg8 39. Bg5 Rh8 40. Bf6 Rg8 41.
Bc2 Na5 42. Bg5 Rh8 43. Rd8 Rxd8 44. Qxh6+ Kg8 45. Bf6 1-0

[Event "36 R.G.Nezhmetdinov Memorial"]
[Site "Kazan, Russia"]
[Date "2014.06.08"]
[Round "9.25"]
[White "Toropov, Pavel"]
[Black "Ofitserian, Boris"]
[Result "1-0"]
[WhiteElo "2305"]
[BlackElo "2132"]
[PlyCount "81"]
[EventDate "2014.??.??"]

1. e4 c5 2. Nf3 d6 3. Bb5+ Nd7 4. c4 a6 5. Ba4 g6 6. Nc3 Bg7 7. d4 cxd4 8. Nxd4
Ngf6 9. O-O O-O 10. Bxd7 Bxd7 11. a4 Rc8 12. Qd3 Ng4 13. b3 Qb6 14. Nce2 f5 15.
a5 Qa7 16. h3 Ne5 17. Qd1 fxe4 18. Be3 Qb8 19. Nf4 Nd3 20. Nxd3 exd3 21. Qxd3
Rf7 22. Ra2 Rcf8 23. Rd1 Qc8 24. Rad2 Be5 25. Qe4 Qc7 26. Ra2 Kg7 27. b4 Rc8
28. c5 dxc5 29. bxc5 Bh2+ 30. Kh1 e5 31. Nb5 Bxb5 32. Kxh2 Bc6 33. Qh4 Re8 34.
Rd6 Qc8 35. Rad2 Bd7 36. Bg5 Qc7 37. f3 Qc8 38. Bf6+ Kg8 39. Qg5 Qc7 40. Bxe5
Qxc5 41. Rxg6+ 1-0

[Event "36 R.G.Nezhmetdinov Memorial"]
[Site "Kazan, Russia"]
[Date "2014.06.08"]
[Round "9.26"]
[White "Mirzanurov, Bulat"]
[Black "Gerasimov, Ivan"]
[Result "1/2-1/2"]
[WhiteElo "2195"]
[BlackElo "2346"]
[PlyCount "70"]
[EventDate "2014.??.??"]

1. d4 Nf6 2. c4 e6 3. Nf3 b6 4. a3 Bb7 5. Nc3 Ne4 6. Qc2 Nxc3 7. Qxc3 Be7 8. g3
O-O 9. Bg2 f5 10. O-O Bf6 11. b4 d6 12. Bb2 Nd7 13. Qd2 Be4 14. Rfd1 Qe7 15. d5
Bxb2 16. Qxb2 e5 17. Rac1 a5 18. Qd2 Bxf3 19. exf3 Ra7 20. f4 e4 21. Re1 axb4
22. axb4 Rfa8 23. f3 Ra2 24. Rc2 Rxc2 25. Qxc2 Nf6 26. fxe4 Nxe4 27. Bxe4 Re8
28. Qc3 fxe4 29. Re3 Qd7 30. Qc2 Qf5 31. Kg2 h5 32. h4 Kf8 33. Qe2 Re7 34. Qc2
Re8 35. Qe2 Re7 1/2-1/2

[Event "36 R.G.Nezhmetdinov Memorial"]
[Site "Kazan, Russia"]
[Date "2014.06.08"]
[Round "9.27"]
[White "Dilmukhametov, Artur"]
[Black "Yuferev, Oleg"]
[Result "0-1"]
[WhiteElo "2164"]
[BlackElo "2250"]
[PlyCount "80"]
[EventDate "2014.??.??"]

1. Nf3 Nf6 2. d4 c5 3. d5 e6 4. c4 exd5 5. cxd5 Bd6 6. Nc3 O-O 7. g3 Bc7 8. Bg2
d6 9. O-O a6 10. a4 Re8 11. Qd3 Nbd7 12. e4 Rb8 13. Re1 Nf8 14. Bf4 Ng6 15.
Rad1 Nxf4 16. gxf4 Nh5 17. Qd2 Ba5 18. e5 Bf5 19. Ng5 h6 20. Bf3 hxg5 21. Bxh5
g4 22. f3 Qh4 23. Bxg4 Bxg4 24. fxg4 Qxg4+ 25. Kh1 Rbd8 26. Qe3 Bxc3 27. bxc3
dxe5 28. fxe5 Qxa4 29. Qxc5 Rxe5 30. Qc7 Rde8 31. Rxe5 Qxd1+ 32. Kg2 Qg4+ 33.
Kh1 Rc8 34. Qxb7 Qf3+ 35. Kg1 Qxc3 36. Qxa6 Qd4+ 37. Kg2 Rc2+ 38. Re2 Qe4+ 39.
Kf2 Qd4+ 40. Kg3 Rc3+ 0-1

[Event "36 R.G.Nezhmetdinov Memorial"]
[Site "Kazan, Russia"]
[Date "2014.06.08"]
[Round "9.28"]
[White "Mamyrbay, Assad"]
[Black "Denisov, Lev"]
[Result "0-1"]
[WhiteElo "2078"]
[BlackElo "2302"]
[PlyCount "80"]
[EventDate "2014.??.??"]

1. e4 e5 2. Nf3 Nc6 3. Bb5 a6 4. Ba4 Nf6 5. O-O Be7 6. d3 b5 7. Bb3 O-O 8. Nc3
d6 9. a3 Bg4 10. Be3 Qd7 11. h3 Be6 12. Nd5 Na5 13. Ba2 Nxd5 14. exd5 Bf5 15.
b4 Nb7 16. a4 c6 17. c4 cxd5 18. cxd5 Rfc8 19. axb5 axb5 20. Qd2 Ra3 21. Ne1
Rca8 22. d4 Bf6 23. Nf3 Bd3 24. Rfc1 Bc4 25. Rc2 h6 26. Kh2 e4 27. Ng1 Bb3 28.
Rb2 Bxd5 29. Ne2 Bc4 30. Nc3 d5 31. Rc1 Bxa2 32. Rxa2 Rxa2 33. Nxa2 Nd6 34. Nc3
Nc4 35. Qe2 Be7 36. Rb1 Ra3 37. Nd1 Bxb4 38. Bc1 Bd6+ 39. Kg1 Rd3 40. Be3 b4
0-1

[Event "36 R.G.Nezhmetdinov Memorial"]
[Site "Kazan, Russia"]
[Date "2014.06.08"]
[Round "9.29"]
[White "Pasiev, Rakhim"]
[Black "Korovin, Mikhail"]
[Result "1/2-1/2"]
[WhiteElo "2410"]
[BlackElo "2197"]
[PlyCount "109"]
[EventDate "2014.??.??"]

1. e4 e6 2. d4 d5 3. Nc3 Bb4 4. e5 Ne7 5. a3 Bxc3+ 6. bxc3 c5 7. Qg4 cxd4 8.
Qxg7 Rg8 9. Qxh7 Qc7 10. Ne2 Nbc6 11. f4 Bd7 12. Qd3 dxc3 13. h4 O-O-O 14. h5
d4 15. h6 Qb6 16. h7 Rh8 17. g4 Kb8 18. Bg2 Be8 19. Rh3 Na5 20. a4 Nac6 21. Ba3
Nb4 22. Bxb4 Qxb4 23. Rd1 Bxa4 24. Nxd4 Qb6 25. Qxc3 Bxc2 26. Rd2 Rc8 27. Qa3
Ng6 28. Qd6+ Qxd6 29. exd6 Nxf4 30. Nxc2 Nxh3 31. Bxh3 Rxh7 32. Bg2 Rg7 33. Bf3
Rd8 34. Ne3 Rg5 35. Kf2 Rc5 36. Kg3 b5 37. Kf4 a5 38. g5 Ka7 39. Ng4 Rf5+ 40.
Ke4 Kb6 41. Ne5 a4 42. Bh5 Rxg5 43. Nxf7 Rd5 44. Rc2 Rf8 45. Bg4 Rxf7 46. Bxe6
Rxd6 47. Bxf7 b4 48. Rc8 b3 49. Ra8 Kc5 50. Rxa4 b2 51. Ba2 Rd1 52. Rc4+ Kb5
53. Rc8 Kb4 54. Rb8+ Ka3 55. Ra8+ 1/2-1/2

[Event "36 R.G.Nezhmetdinov Memorial"]
[Site "Kazan, Russia"]
[Date "2014.06.08"]
[Round "9.30"]
[White "Filipenko, Alexander V"]
[Black "Pushkin, Eduard"]
[Result "1-0"]
[WhiteElo "2293"]
[BlackElo "2150"]
[PlyCount "73"]
[EventDate "2014.??.??"]

1. e4 e5 2. Nf3 Nc6 3. Bb5 a6 4. Ba4 Nf6 5. O-O b5 6. Bb3 Be7 7. a4 Rb8 8. axb5
axb5 9. Re1 d6 10. c3 O-O 11. d4 exd4 12. cxd4 Bg4 13. Nc3 h6 14. h3 Bxf3 15.
gxf3 Qd7 16. Kh2 Nb4 17. e5 dxe5 18. dxe5 Qxd1 19. Rxd1 Nh7 20. Ra7 Bc5 21.
Rxc7 Bxf2 22. Ne4 Bb6 23. Rxf7 Rxf7 24. Nd6 Ng5 25. Bxg5 hxg5 26. Nxf7 Kf8 27.
Nxg5 Nc6 28. f4 Ke7 29. Rd6 Nd4 30. Be6 Rb7 31. Bg4 Bc5 32. Rg6 Kf8 33. Ra6 Ra7
34. Rxa7 Bxa7 35. Ne6+ Nxe6 36. Bxe6 Be3 37. Kg3 1-0

[Event "36 R.G.Nezhmetdinov Memorial"]
[Site "Kazan, Russia"]
[Date "2014.06.08"]
[Round "9.31"]
[White "Ioffe, Dmitry"]
[Black "Amirkhanov, Roustem"]
[Result "0-1"]
[WhiteElo "2077"]
[BlackElo "2311"]
[PlyCount "102"]
[EventDate "2014.??.??"]

1. d4 e6 2. Nf3 f5 3. g3 Nf6 4. Bg2 d5 5. O-O Bd6 6. c4 c6 7. Qc2 O-O 8. Nbd2
Qe7 9. Ne1 Nbd7 10. Nd3 Ne4 11. Nf3 b6 12. Bf4 Bxf4 13. Nxf4 Bb7 14. Rac1 Rac8
15. Nd3 c5 16. dxc5 Ndxc5 17. cxd5 Bxd5 18. Nf4 Bb7 19. b4 Na6 20. Qb3 Nxb4 21.
Qxe6+ Qxe6 22. Nxe6 Rfe8 23. Nfd4 g6 24. e3 Ba6 25. Rxc8 Rxc8 26. Ra1 Nxa2 27.
g4 Rc1+ 28. Rxc1 Nxc1 29. gxf5 gxf5 30. Bf3 Nd6 31. Bd5 Bc4 32. Bxc4 Nxc4 33.
Nxf5 a5 34. Nfd4 a4 35. Nc7 a3 36. Ncb5 a2 37. Nc2 Nb3 38. Nc3 a1=Q+ 39. Nxa1
Nxa1 40. Kf1 Nb3 41. Ke2 Nc5 42. e4 Kf7 43. f4 Ke6 44. Kf3 Nd2+ 45. Kg4 Ndxe4
46. Nb5 Nf6+ 47. Kf3 Kd5 48. h4 Ne6 49. Na7 Nd4+ 50. Kg3 Nf5+ 51. Kh3 Kc5 0-1

[Event "36 R.G.Nezhmetdinov Memorial"]
[Site "Kazan, Russia"]
[Date "2014.06.08"]
[Round "9.32"]
[White "Yeletsky, Ivan"]
[Black "Fraiman, Dmitry"]
[Result "1-0"]
[WhiteElo "2200"]
[BlackElo "2094"]
[PlyCount "77"]
[EventDate "2014.??.??"]

1. d4 Nf6 2. c4 g6 3. Nc3 Bg7 4. e4 d6 5. f3 O-O 6. Nge2 Nc6 7. Be3 a6 8. Qd2
Na5 9. Ng3 b5 10. O-O-O Nxc4 11. Bxc4 bxc4 12. Bh6 Be6 13. h4 c5 14. d5 Bd7 15.
h5 Rb8 16. Bxg7 Kxg7 17. hxg6 fxg6 18. f4 Bg4 19. Rdf1 Nh5 20. f5 Kh8 21. fxg6
Rxf1+ 22. Nxf1 Nf6 23. e5 dxe5 24. Ne4 Qb6 25. d6 c3 26. Qxc3 Nxe4 27. Qxe5+
Nf6 28. Rxh7+ Kg8 29. Rxe7 Qb4 30. Qxf6 Qc4+ 31. Kd2 Qb4+ 32. Qc3 Qf4+ 33. Ke1
Qd4 34. Qxd4 cxd4 35. d7 Kf8 36. Rf7+ Kg8 37. Ng3 Rd8 38. Ne4 Kh8 39. Rh7+ 1-0

[Event "36 R.G.Nezhmetdinov Memorial"]
[Site "Kazan, Russia"]
[Date "2014.06.08"]
[Round "9.33"]
[White "Igonin, Temur"]
[Black "Nizamov, Bulat"]
[Result "1-0"]
[WhiteElo "2215"]
[BlackElo "2005"]
[PlyCount "119"]
[EventDate "2014.??.??"]

1. e4 c5 2. Nf3 e6 3. d4 cxd4 4. Nxd4 a6 5. Bd3 Bc5 6. Nb3 Ba7 7. Qe2 d6 8. Be3
Nf6 9. Nc3 O-O 10. O-O-O b5 11. Bg5 Nbd7 12. e5 Nxe5 13. Bxh7+ Kxh7 14. Bxf6
Qxf6 15. Qe4+ Ng6 16. Qxa8 Qxf2 17. Ne4 Qe3+ 18. Kb1 d5 19. Nd6 Ne7 20. Nxc8
Nxc8 21. Rd3 Qe5 22. Rc3 Bb8 23. Nc5 Nb6 24. Qc6 Qd6 25. Nb7 Qxc6 26. Rxc6 Nc4
27. Rxa6 Be5 28. c3 b4 29. Na5 Nxa5 30. Rxa5 bxc3 31. b4 Bf6 32. b5 Rb8 33. a4
d4 34. Kc2 e5 35. Re1 Rc8 36. b6 e4 37. Rxe4 d3+ 38. Kxd3 c2 39. Re1 c1=Q 40.
Rxc1 Rxc1 41. Rb5 Be7 42. a5 Bd8 43. Kd4 Ra1 44. Kc5 Bg5 45. Kc6 Bd2 46. b7 Bf4
47. Kb6 Bb8 48. Rc5 Rb1+ 49. Ka6 Rb2 50. g4 g6 51. h3 Bh2 52. Rc6 Bb8 53. Rc8
Bh2 54. Ka7 Rb5 55. a6 Bg1+ 56. Ka8 Ra5 57. Rc6 Bh2 58. a7 Ra3 59. b8=Q Bxb8
60. Kxb8 1-0

[Event "36 R.G.Nezhmetdinov Memorial"]
[Site "Kazan, Russia"]
[Date "2014.06.08"]
[Round "9.34"]
[White "Ovchinnikov, Vsevolod"]
[Black "Morgunov, Anatoly"]
[Result "1-0"]
[WhiteElo "2135"]
[BlackElo "2307"]
[PlyCount "103"]
[EventDate "2014.??.??"]

1. d4 d5 2. c4 c6 3. Nf3 Nf6 4. Nc3 e6 5. Bg5 dxc4 6. e4 b5 7. e5 h6 8. Bh4 g5
9. Nxg5 hxg5 10. Bxg5 Nbd7 11. g3 Qb6 12. exf6 Bb7 13. Bg2 c5 14. d5 O-O-O 15.
O-O b4 16. Na4 Qb5 17. a3 Nb8 18. axb4 cxb4 19. Qg4 Bxd5 20. Rfc1 Nd7 21. Bxd5
exd5 22. b3 c3 23. Be3 d4 24. Qxd4 Ne5 25. Nxc3 Nf3+ 26. Kg2 Qc6 27. Qe4 Rxh2+
28. Kxf3 Qxf6+ 29. Ke2 bxc3 30. Rxc3+ Qxc3 31. Rc1 Qxc1 32. Bxc1 Bd6 33. Qc6+
Kb8 34. Bg5 Rhh8 35. Bxd8 Rxd8 36. Qb5+ Kc7 37. Qc4+ Kb6 38. Qxf7 Rf8 39. Qe6
Kc5 40. Qe3+ Kd5 41. Qxa7 Rb8 42. Qf7+ Kd4 43. Qc4+ Ke5 44. f4+ Kf6 45. Kf3 Rb4
46. Qd5 Ke7 47. f5 Rb6 48. Qe6+ Kd8 49. g4 Bc7 50. Qg8+ Ke7 51. g5 Rb4 52. Qg7+
1-0

[Event "36 R.G.Nezhmetdinov Memorial"]
[Site "Kazan, Russia"]
[Date "2014.06.08"]
[Round "9.35"]
[White "Merkushev, Dmitry"]
[Black "Gorozhanin, Mikhail"]
[Result "0-1"]
[WhiteElo "2105"]
[BlackElo "2299"]
[PlyCount "76"]
[EventDate "2014.??.??"]

1. Nf3 Nf6 2. g3 g6 3. Bg2 Bg7 4. c4 O-O 5. O-O d5 6. cxd5 Nxd5 7. Nc3 c5 8.
Nxd5 Qxd5 9. d3 Nc6 10. Nd2 Qd7 11. Nc4 b6 12. Bd2 Bb7 13. Bc3 e5 14. a4 Rab8
15. Qb3 Ba8 16. Bxc6 Qxc6 17. f3 Qe6 18. Qc2 h5 19. Qd2 a6 20. Ne3 Bh6 21. Qc1
b5 22. axb5 axb5 23. Bd2 Rfc8 24. Nc2 Bg7 25. Bh6 Bh8 26. Qe3 Qb3 27. Qd2 Rc7
28. Ra3 Qxb2 29. Rfa1 Bd5 30. Qa5 Rcc8 31. Ne3 Be6 32. Kf2 Qd4 33. Qd2 c4 34.
Kg2 c3 35. Qd1 b4 36. Nc2 Qd8 37. Ra7 b3 38. Ne3 c2 0-1

[Event "36 R.G.Nezhmetdinov Memorial"]
[Site "Kazan, Russia"]
[Date "2014.06.08"]
[Round "9.37"]
[White "Askerov, Marat"]
[Black "Yapparov, Timur"]
[Result "1-0"]
[WhiteElo "2085"]
[BlackElo "2215"]
[PlyCount "81"]
[EventDate "2014.??.??"]

1. d4 e6 2. c4 Nf6 3. Nf3 c5 4. d5 exd5 5. cxd5 Bd6 6. Nc3 Bc7 7. d6 Ba5 8. g3
Ne4 9. Qd5 Nxc3 10. Qe5+ Kf8 11. bxc3 b6 12. Bd2 Nc6 13. Qf4 Qf6 14. Qxf6 gxf6
15. Bg2 Kg7 16. Nh4 Re8 17. Nf5+ Kf8 18. Ne7 Kg7 19. Nxc6 Bb7 20. Nxa5 Bxg2 21.
Rg1 Bf3 22. Be3 Bd5 23. Nb3 Re6 24. O-O-O Bc4 25. Rd2 a5 26. Kb2 a4 27. Nc1 a3+
28. Kc2 Rc8 29. Re1 Rc6 30. Bf4 b5 31. e4 b4 32. f3 Re8 33. Nb3 Be6 34. c4 Bxc4
35. Na5 Bxa2 36. Nxc6 b3+ 37. Kc3 b2 38. Rxb2 axb2 39. Kxb2 Be6 40. Ne7 Rb8+
41. Kc2 1-0

[Event "36 R.G.Nezhmetdinov Memorial"]
[Site "Kazan, Russia"]
[Date "2014.06.08"]
[Round "9.39"]
[White "Rjanova, Valery"]
[Black "Mingatin, Mars"]
[Result "1-0"]
[WhiteElo "2131"]
[BlackElo "2004"]
[PlyCount "99"]
[EventDate "2014.??.??"]

1. e4 e5 2. Nf3 Nc6 3. Bc4 Bc5 4. c3 Nf6 5. d4 exd4 6. cxd4 Bb4+ 7. Bd2 d5 8.
exd5 Bxd2+ 9. Nbxd2 Nxd5 10. O-O O-O 11. Rc1 Nce7 12. Re1 c6 13. Ne4 h6 14. Ne5
Nb6 15. Bb3 Bf5 16. Nc5 Rb8 17. h3 Nbd5 18. Qf3 Bh7 19. Ncd7 f6 20. Nxf8 Kxf8
21. Nd3 Qd6 22. Nc5 Bg8 23. Qg3 Qxg3 24. fxg3 Kf7 25. Rc2 Bh7 26. Rce2 Nf5 27.
g4 Nxd4 28. Bxd5+ cxd5 29. Re7+ Kg8 30. Rd7 b6 31. Na6 Rc8 32. Rxd5 Nc6 33. Rc1
Be4 34. Rd4 Re8 35. Rxe4 Rxe4 36. Rxc6 Ra4 37. Nc7 Rxa2 38. b4 a5 39. Rxb6 a4
40. Ra6 a3 41. Nb5 Rb2 42. Rxa3 Rxb4 43. Nd6 Rd4 44. Ra8+ Kh7 45. Nf5 Rd7 46.
Re8 Rd1+ 47. Kh2 Kg6 48. Re7 Kg5 49. Rxg7+ Kf4 50. Nxh6 1-0

[Event "36 R.G.Nezhmetdinov Memorial"]
[Site "Kazan, Russia"]
[Date "2014.06.08"]
[Round "9.40"]
[White "Matskevich, Ivan"]
[Black "Davydov, Sergey P"]
[Result "0-1"]
[WhiteElo "2009"]
[BlackElo "2252"]
[PlyCount "84"]
[EventDate "2014.??.??"]

1. e4 d6 2. d4 Nf6 3. Nc3 g6 4. f4 Bg7 5. Nf3 O-O 6. Bd3 Nbd7 7. O-O c6 8. h3
e5 9. Be3 Qe7 10. Qd2 b5 11. dxe5 dxe5 12. fxe5 Nxe5 13. Nxe5 Qxe5 14. Qf2 Nd7
15. Rab1 Nb6 16. Ne2 Qc7 17. Nd4 Nd7 18. c3 Ne5 19. Bc2 Bd7 20. Nb3 Be6 21. Bd4
Rfd8 22. a3 f6 23. Nc5 Bf7 24. Kh1 Re8 25. Rbd1 a5 26. Bxe5 Rxe5 27. Rd7 Qb6
28. b4 axb4 29. axb4 Ra7 30. Qf3 Re7 31. Rd6 Qb8 32. Rfd1 Ra1 33. Rd8+ Qxd8 34.
Rxa1 f5 35. exf5 Qd2 36. Be4 Bxc3 37. Ra8+ Re8 38. fxg6 hxg6 39. Rxe8+ Bxe8 40.
Bxc6 Qe1+ 41. Kh2 Be5+ 42. g3 Bxc6 0-1

[Event "36 R.G.Nezhmetdinov Memorial"]
[Site "Kazan, Russia"]
[Date "2014.06.08"]
[Round "9.41"]
[White "Chernozemov, Andrew"]
[Black "Bakunin, Damir"]
[Result "1-0"]
[WhiteElo "2114"]
[BlackElo "1992"]
[PlyCount "69"]
[EventDate "2014.??.??"]

1. d4 Nf6 2. c4 e6 3. Nc3 Bb4 4. f3 d5 5. a3 Bxc3+ 6. bxc3 c5 7. cxd5 Nxd5 8.
Bd2 f5 9. e3 O-O 10. Bd3 f4 11. e4 Qh4+ 12. Kf1 Ne3+ 13. Bxe3 fxe3 14. Qe2 Qh6
15. Re1 Nc6 16. d5 exd5 17. exd5 Ne5 18. Qxe3 Nxd3 19. Qxd3 Bf5 20. Qe3 Qa6+
21. Kf2 Qxa3 22. Ne2 Rae8 23. Qd2 Qa6 24. Ng3 Bg6 25. h4 Rd8 26. Re5 Bd3 27.
Rd1 c4 28. Qe3 Qf6 29. h5 Rd6 30. Re1 Ra6 31. Kg1 Ra2 32. Qd4 a5 33. d6 Qh6 34.
Qd5+ Kh8 35. Re8 1-0

[Event "36 R.G.Nezhmetdinov Memorial"]
[Site "Kazan, Russia"]
[Date "2014.06.08"]
[Round "9.43"]
[White "Sadykov, Renat"]
[Black "Teimurov, Artur"]
[Result "1-0"]
[WhiteElo "2069"]
[BlackElo "1934"]
[PlyCount "59"]
[EventDate "2014.??.??"]

1. e4 Nf6 2. e5 Nd5 3. d4 d6 4. Nf3 Bg4 5. Be2 c6 6. O-O e6 7. c4 Nc7 8. Bg5
Be7 9. Bxe7 Qxe7 10. Qb3 dxe5 11. dxe5 Nca6 12. Nbd2 Nc5 13. Qe3 a5 14. Ne4
Nxe4 15. Qxe4 Bxf3 16. Bxf3 Nd7 17. Rad1 O-O 18. Rd4 Rfd8 19. Rfd1 Nc5 20. Qe3
Na6 21. Rd6 Qc7 22. Qd4 Rxd6 23. exd6 Qd7 24. Qb6 Re8 25. Bxc6 bxc6 26. Qxa6 c5
27. Qxa5 Rc8 28. Qb5 Rc6 29. Qxc6 Qxc6 30. d7 1-0

[Event "36 R.G.Nezhmetdinov Memorial"]
[Site "Kazan, Russia"]
[Date "2014.06.08"]
[Round "9.44"]
[White "Kozina, Anastasia"]
[Black "Zlachevskiy, Leonid"]
[Result "1-0"]
[WhiteElo "1886"]
[BlackElo "2093"]
[PlyCount "63"]
[EventDate "2014.??.??"]

1. e4 e5 2. Nf3 d6 3. d4 Qe7 4. Nc3 Nf6 5. dxe5 dxe5 6. h3 c6 7. a4 a5 8. Bc4
h6 9. O-O Qc7 10. Nh4 g5 11. Qf3 Ng8 12. Nf5 Na6 13. Rd1 Nc5 14. Be3 Be6 15.
Bxc5 Bxc5 16. Ng7+ Ke7 17. Nxe6 fxe6 18. Rd2 Nf6 19. Rad1 Rad8 20. Qg3 Rxd2 21.
Rxd2 Rg8 22. Nd1 Nxe4 23. Qg4 Nxd2 24. Qxe6+ Kd8 25. Qxg8+ Kd7 26. Be6+ Ke7 27.
Bf5 Qd6 28. Bg4 Kf6 29. Qh7 Qf8 30. Qf5+ Kg7 31. Qd7+ Qe7 32. Qxd2 1-0

[Event "36 R.G.Nezhmetdinov Memorial"]
[Site "Kazan, Russia"]
[Date "2014.06.08"]
[Round "9.45"]
[White "Sharafutdinov, Marat"]
[Black "Mischeryakov, Alexey"]
[Result "1-0"]
[WhiteElo "1837"]
[BlackElo "1945"]
[PlyCount "87"]
[EventDate "2014.??.??"]

1. d4 Nf6 2. Nf3 g6 3. c4 Bg7 4. Nc3 d6 5. e3 O-O 6. Be2 Nc6 7. O-O a6 8. d5
Ne5 9. Nxe5 dxe5 10. b3 e6 11. Ba3 Re8 12. e4 exd5 13. cxd5 c6 14. dxc6 Qa5 15.
Bb2 bxc6 16. Qe1 Bb7 17. Bc4 Rad8 18. Qe2 Rd4 19. Rad1 Red8 20. Rd3 Nh5 21. g3
Nf6 22. Rfd1 c5 23. f3 Bc6 24. a4 Bb7 25. Qe3 Qc7 26. Ne2 Rxd3 27. Rxd3 Rxd3
28. Qxd3 Ne8 29. Bxa6 Qb6 30. Bc4 Nd6 31. a5 Qc7 32. a6 Nxc4 33. Qxc4 Bc8 34.
b4 Bh6 35. Kf2 Qd7 36. Bxe5 cxb4 37. Bd4 Qe6 38. Qc7 Qd7 39. Qe5 f6 40. Qxf6
Bg7 41. Qxg7+ Qxg7 42. Bxg7 Kxg7 43. a7 Bb7 44. Ke3 1-0

[Event "36 R.G.Nezhmetdinov Memorial"]
[Site "Kazan, Russia"]
[Date "2014.06.08"]
[Round "9.46"]
[White "Sadykov, Airat F"]
[Black "Galimov, Ildus"]
[Result "1-0"]
[WhiteElo "2106"]
[BlackElo "1926"]
[PlyCount "61"]
[EventDate "2014.??.??"]

1. d4 Nf6 2. c4 e5 3. dxe5 Ng4 4. Bf4 Nc6 5. Nf3 Bb4+ 6. Nbd2 Qe7 7. a3 Ngxe5
8. Nxe5 Nxe5 9. e3 Bxd2+ 10. Qxd2 d6 11. Be2 O-O 12. O-O b6 13. Rfd1 Bb7 14.
Rac1 a5 15. b4 Rfd8 16. Qc3 Ng6 17. Bg3 axb4 18. axb4 Ra2 19. Bf1 Rda8 20. c5
dxc5 21. bxc5 Qxc5 22. Qd3 Ba6 23. Qe4 Qf8 24. Bxc7 Bxf1 25. Rxf1 b5 26. Rfd1
Qe7 27. Qd5 Qf6 28. Bg3 b4 29. Rc6 Qe7 30. h3 h6 31. Rxg6 1-0

[Event "36 R.G.Nezhmetdinov Memorial"]
[Site "Kazan, Russia"]
[Date "2014.06.08"]
[Round "9.47"]
[White "Mardakhaev, Semen"]
[Black "Kavyev, Emil"]
[Result "1-0"]
[WhiteElo "1917"]
[BlackElo "1771"]
[PlyCount "103"]
[EventDate "2014.??.??"]

1. d4 Nf6 2. c4 c5 3. d5 b5 4. a4 Qa5+ 5. Bd2 b4 6. Qc2 g6 7. e4 d6 8. f4 Qc7
9. a5 Bg7 10. Nf3 O-O 11. Bd3 Bg4 12. O-O Bxf3 13. Rxf3 Ng4 14. Be1 Nh6 15. h3
f5 16. Nd2 Nd7 17. Bf2 Rae8 18. exf5 Nxf5 19. Bxf5 Rxf5 20. Ne4 h6 21. Re1 Qxa5
22. Nxd6 exd6 23. Rxe8+ Kh7 24. Re6 Rf6 25. Rxf6 Bxf6 26. Rg3 Nf8 27. b3 Qa3
28. Kh2 Kg7 29. Be1 Qa1 30. Bd2 Bd4 31. Qc1 Qa2 32. f5 g5 33. h4 Qa1 34. Qxa1
Bxa1 35. Kh3 Be5 36. Rg4 Kf6 37. hxg5+ hxg5 38. Rxg5 Bc3 39. Bf4 Be5 40. Kg4 a5
41. Rh5 Nd7 42. Rh6+ Kg7 43. Rh1 Nf6+ 44. Kf3 Nd7 45. g4 Bxf4 46. Kxf4 Ne5 47.
g5 a4 48. f6+ Kf7 49. Rh7+ Kf8 50. bxa4 Nxc4 51. g6 b3 52. Rh8# 1-0

[Event "36 R.G.Nezhmetdinov Memorial"]
[Site "Kazan, Russia"]
[Date "2014.06.08"]
[Round "9.48"]
[White "Tukaeva, Adelya"]
[Black "Kleimenov, Ivan"]
[Result "1-0"]
[WhiteElo "1796"]
[BlackElo "1526"]
[PlyCount "85"]
[EventDate "2014.??.??"]

1. e4 c6 2. d4 g6 3. Nc3 d5 4. Nf3 Bg4 5. Be2 Bg7 6. O-O dxe4 7. Nxe4 Bxf3 8.
Bxf3 Qxd4 9. Qe2 Nf6 10. Ng5 h6 11. Re1 O-O 12. Rd1 Qb6 13. Nh3 e6 14. Be3 Qc7
15. Qd2 Kh7 16. Bc5 Re8 17. Qb4 Nd5 18. Qa3 Nd7 19. Bd6 Bxb2 20. Qxb2 Qxd6 21.
Qxb7 Reb8 22. Qa6 Qc5 23. Rdc1 Rb6 24. Qe2 Nc3 25. Qd2 Ne5 26. Bd1 Nxd1 27.
Qxd1 Rb2 28. c3 Qd5 29. Qa4 Rd2 30. Qf4 Rd8 31. Re1 Rxa2 32. Rxa2 Qxa2 33. Qxe5
a5 34. Qc7 Rf8 35. Nf4 Kg8 36. Qxc6 Qd2 37. Qe4 Qxc3 38. Qe5 Qb4 39. Nd3 Qd2
40. Nc5 Qb4 41. Ra1 Rc8 42. Nxe6 Re8 43. Qg7# 1-0